| 000 | 01031nas a2200337 4500 | ||
|---|---|---|---|
| 001 | BR2015004108 | ||
| 003 | BR-BrBNA | ||
| 005 | 20231205125527.0 | ||
| 007 | ta | ||
| 008 | 230509b bl.|||p| |||| 00| 00por d | ||
| 040 |
_aBR-BrBNA _bpor _cBiblioteca Nacional de Agricultura |
||
| 041 | _a(Pt) | ||
| 072 | _aQ03 | ||
| 100 | 1 | _aPassos, E. de C. | |
| 100 | 1 | _aMello, A.R.P. de | |
| 100 | 1 | _aSousa, C.V. de | |
| 100 | 1 | _aOliveira, M.A. de | |
| 100 | 1 | _aCasarini, L.M. | |
| 100 | 1 | _aMotta, N. de S. | |
| 100 | 1 | _aHenriques, M.B. | |
| 100 | 1 | _aMachado, I.C. | |
| 100 | 1 | _aDe Rosso, V.V. | |
| 100 | 1 | _aRivera, I.N.G. | |
| 245 | 1 | _aDetecção de Salmonella spp. em mexilhões Perna perna dos bancos naturais de baía densamente urbanizada | |
| 650 | _aMEXILHÃO | ||
| 650 | _aSALMONELLA | ||
| 650 | _aSAÚDE PÚBLICA | ||
| 773 | 0 |
_tRevista do Instituto Adolfo Lutz (Brazil) _xISSN 0073-9855 _g(Oct-Dec 2011), v. 70(4) p. 631-636 _wBR2015004108 |
|
| 909 |
_a202311 _bLúcia _c55 _dLúcia Elande |
||
| 942 |
_2AGRIS _n0 _cANA |
||
| 999 |
_c244795 _d244795 |
||